[Event "HUN Team League Csongrad Region 2019–2"]
[Site "Csongrád County"]
[Date "2019.12.08"]
[Round "4.1"]
[White "Restas, Peter"]
[Black "Koszta, Benedek"]
[Result "0-1"]
[WhiteElo "2125"]
[BlackElo "2024"]
[PlyCount "74"]
[EventDate "2019.09.29"]
[WhiteTeam "Makó III."]
[BlackTeam "Maróczy III."]

1. c4 Nf6 2. Nc3 g6 3. e4 d6 4. d4 Bg7 5. f3 O-O 6. Bg5 Nbd7 7. Qd2 c5 8. d5 a6
9. Nh3 b5 10. cxb5 axb5 11. Bxb5 Ba6 12. Bxa6 Rxa6 13. O-O Qb6 14. Rab1 Rb8 15.
Kh1 Qc7 16. Rfc1 Rab6 17. b3 Rb4 18. Nf2 Ne5 19. h3 Qa7 20. Be3 Qa6 21. f4 Ned7
22. Nd3 Rd4 23. Bxd4 cxd4 24. Nd1 Nxe4 25. Qc2 Ndc5 26. Nxc5 Qf1+ 27. Kh2 Qxf4+
28. Kg1 dxc5 29. Nf2 d3 30. Qxd3 Qxf2+ 31. Kh1 Ng3+ 32. Kh2 Be5 33. Rc2 Ne2+
34. Kh1 Qf4 35. g3 Nxg3+ 36. Kg2 Ne4 37. Qf3 Qh2+ 0-1

[Event "HUN Team League Csongrad Region 2019–2"]
[Site "Csongrád County"]
[Date "2019.12.08"]
[Round "4.1"]
[White "Bernath, Robert"]
[Black "Diamant, Tibor"]
[Result "1/2-1/2"]
[WhiteElo "2055"]
[BlackElo "1973"]
[PlyCount "20"]
[EventDate "2019.09.29"]
[WhiteTeam "Maróczy III."]
[BlackTeam "Makó III."]

1. e4 c5 2. Nc3 Nc6 3. f4 g6 4. Nf3 Bg7 5. Bb5 d6 6. O-O Bd7 7. d3 e6 8. Bxc6
Bxc6 9. Qe1 Qd7 10. Kh1 O-O-O 1/2-1/2

[Event "HUN Team League Csongrad Region 2019–2"]
[Site "Csongrád County"]
[Date "2019.12.08"]
[Round "4.1"]
[White "Balassy, Gabor"]
[Black "Borus, Andras"]
[Result "0-1"]
[WhiteElo "1828"]
[BlackElo "2021"]
[PlyCount "80"]
[EventDate "2019.09.29"]
[WhiteTeam "Makó III."]
[BlackTeam "Maróczy III."]

1. d4 Nf6 2. Bf4 g6 3. e3 Bg7 4. Be2 d6 5. h3 Nbd7 6. Nf3 O-O 7. O-O b6 8. Nbd2
Bb7 9. a4 a6 10. c3 Qe8 11. Nc4 Nd5 12. Bh2 e5 13. Nfd2 e4 14. Qb3 Ra7 15. Na3
Kh8 16. c4 Ne7 17. Nc2 Nf5 18. a5 bxa5 19. Rxa5 Qd8 20. Rfa1 Nb8 21. Nb1 Nc6
22. R5a2 Qg5 23. Nb4 Ncxd4 24. exd4 Nxd4 25. Qd1 Nf3+ 26. Bxf3 exf3 27. g3 Re8
28. Qd2 Qh5 29. Nd3 g5 30. Qd1 Qxh3 31. Qf1 Qf5 32. Nc3 Raa8 33. Ra5 Qg6 34.
Rd1 Rac8 35. Qh3 g4 36. Qh5 Qxd3 37. Raa1 Qxc4 38. Nd5 Re5 39. Ne3 Rxh5 40.
Nxc4 Rb5 0-1

[Event "HUN Team League Csongrad Region 2019–2"]
[Site "Csongrád County"]
[Date "2019.12.08"]
[Round "4.1"]
[White "Kocsmar, Akos"]
[Black "Csibor, Andras"]
[Result "1-0"]
[WhiteElo "1944"]
[BlackElo "1813"]
[PlyCount "123"]
[EventDate "2019.09.29"]
[WhiteTeam "Maróczy III."]
[BlackTeam "Makó III."]

1. d4 d5 2. c4 c6 3. Nc3 Nf6 4. Nf3 e6 5. e3 Be7 6. Qc2 Nbd7 7. b3 O-O 8. Bb2
b6 9. Bd3 Bb7 10. Ne5 c5 11. O-O Qc7 12. f4 h6 13. Rac1 a6 14. Qb1 Rac8 15. a3
Qd6 16. Ne2 Ne4 17. Bxe4 dxe4 18. Rfd1 Nxe5 19. fxe5 Qc7 20. d5 Bg5 21. Qxe4
Rcd8 22. h4 f5 23. exf6 Bxf6 24. Qxe6+ Kh8 25. Bxf6 Rxf6 26. Qh3 Bc8 27. Qg3
Qe7 28. Nf4 Qe4 29. Rf1 Re8 30. Rc3 Kh7 31. h5 Qe5 32. Rfc1 Bf5 33. Ne2 Qe7 34.
Rf1 g6 35. Qh4 g5 36. Qe1 Ref8 37. Ng3 Bg4 38. Rxf6 Rxf6 39. e4 Qe5 40. Re3 Rf4
41. Qc3 Qe8 42. e5 Bxh5 43. e6 Bg6 44. Qe5 Rd4 45. d6 Rd1+ 46. Re1 Rd2 47. d7
Qe7 48. Qc7 Kg8 49. Qxb6 Qf6 50. Qxc5 Qb2 51. d8=R+ Rxd8 52. e7 Re8 53. Qd5+
Kh7 54. Qf3 Qd4+ 55. Qe3 Qxe3+ 56. Rxe3 Kg7 57. Re6 Kf7 58. Rxa6 Rxe7 59. c5
Bd3 60. Rxh6 Re1+ 61. Kf2 Rb1 62. Rb6 1-0

[Event "HUN Team League Csongrad Region 2019–2"]
[Site "Csongrád County"]
[Date "2019.12.08"]
[Round "4.1"]
[White "Kralik, Attila"]
[Black "Pluhar, Andras"]
[Result "1-0"]
[WhiteElo "1685"]
[BlackElo "1889"]
[PlyCount "75"]
[EventDate "2019.09.29"]
[WhiteTeam "Makó III."]
[BlackTeam "Maróczy III."]

1. Nf3 Nf6 2. g3 d5 3. Bg2 c5 4. d3 Nc6 5. O-O e5 6. Nbd2 h6 7. e4 Be6 8. Qe2
d4 9. a3 Be7 10. h3 Qd7 11. Kh2 O-O 12. Ng1 Nh7 13. f4 f5 14. Ndf3 Bf6 15. fxe5
Nxe5 16. Nxe5 Bxe5 17. exf5 Bxg3+ 18. Kxg3 Bxf5 19. Kh2 Rae8 20. Qf3 Be4 21.
Qg4 Bf5 22. Qh5 g6 23. Qxh6 Nf6 24. Bg5 Nh5 25. Bf4 Re7 26. Qg5 Nf6 27. Rae1
Rh7 28. Re5 Ng4+ 29. Kg3 Nxe5 30. Bxe5 Rh5 31. Qf4 Rf7 32. Bb8 Re7 33. Qd6 Re3+
34. Rf3 Rg5+ 35. Kh2 Qe8 36. Qf6 Rh5 37. Rxe3 dxe3 38. Be5 1-0

[Event "HUN Team League Csongrad Region 2019–2"]
[Site "Csongrád County"]
[Date "2019.12.08"]
[Round "4.1"]
[White "Blazsik, Zoltan"]
[Black "Szekeres, Mihaly"]
[Result "0-1"]
[WhiteElo "1643"]
[BlackElo "1675"]
[PlyCount "122"]
[EventDate "2019.09.29"]
[WhiteTeam "Maróczy III."]
[BlackTeam "Makó III."]

1. e4 c5 2. Bc4 d6 3. h3 a6 4. a4 e6 5. Nf3 Nf6 6. Nc3 Nc6 7. O-O Be7 8. Re1
Qc7 9. d3 O-O 10. Bf4 Bd7 11. Ne2 Rac8 12. c3 e5 13. Bh2 h6 14. Qc2 Be6 15.
Bxe6 fxe6 16. Qb3 Qd7 17. Qc2 Qe8 18. Qb3 Nd8 19. Rac1 c4 20. Qc2 cxd3 21. Qxd3
Qxa4 22. Nd2 Qe8 23. Ra1 Qg6 24. Ra4 Nd7 25. Qg3 Qxg3 26. Nxg3 Nc5 27. Raa1 Nd3
28. Reb1 Rxf2 29. Rd1 Rf7 30. Ra2 Nf4 31. Ngf1 Rc6 32. c4 Ne2+ 33. Kh1 Nd4 34.
Ne3 Bg5 35. Ndf1 Bxe3 36. Nxe3 h5 37. b3 Nxb3 38. Bxe5 Nc5 39. Rxd6 Rxd6 40.
Bxd6 Nxe4 41. Be5 Nc6 42. Ba1 Rf2 43. Ra3 g6 44. Kg1 Kf7 45. Rb3 Na5 46. Rd3
Rd2 47. Ra3 b6 48. Be5 Rd7 49. Kh2 Ke7 50. Bf4 Kf6 51. Kg1 g5 52. Bb8 Nc6 53.
Bh2 a5 54. Kf1 Nc5 55. Ke2 Nd4+ 56. Ke1 Nf5 57. Bg1 Nxe3 58. Kf2 Ng4+ 59. Kf3
Rd3+ 60. Be3 e5 61. hxg4 Rxa3 0-1

[Event "HUN Team League Csongrad Region 2019–2"]
[Site "Csongrád County"]
[Date "2019.12.08"]
[Round "4.1"]
[White "Vizhanyo Gyomorei, Jozsef"]
[Black "Jojart, Zsolt"]
[Result "0-1"]
[WhiteElo "1523"]
[BlackElo "1660"]
[PlyCount "78"]
[EventDate "2019.09.29"]
[WhiteTeam "Makó III."]
[BlackTeam "Maróczy III."]

1. d4 Nf6 2. c4 g6 3. Nc3 d5 4. Nf3 Bg7 5. Bf4 c6 6. e3 O-O 7. Qb3 dxc4 8. Bxc4
e6 9. a4 b6 10. Rc1 a6 11. O-O b5 12. axb5 cxb5 13. Bd3 Bb7 14. Nd2 Nc6 15.
Nce4 Na5 16. Nxf6+ Bxf6 17. Qd1 e5 18. Bh6 Re8 19. b4 exd4 20. bxa5 dxe3 21.
Nb3 Qd5 22. f3 Qh5 23. Bf4 Rad8 24. Qe2 Qd5 25. Nc5 Qd4 26. Nxb7 Qxd3 27. Qxd3
Rxd3 28. Nd6 Rd8 29. Ne4 Bd4 30. Rfe1 f5 31. Nc5 e2+ 32. Kh1 Bxc5 33. Rxc5 Rd1
34. Rc1 Rxc1 35. Bxc1 Rd1 36. Bd2 Rxd2 37. Kg1 b4 38. Kf2 b3 39. Rb1 Rd1 0-1

[Event "HUN Team League Csongrad Region 2019–2"]
[Site "Csongrád County"]
[Date "2019.12.08"]
[Round "4.2"]
[White "Varga, Gabor"]
[Black "Adok, Janos"]
[Result "1-0"]
[WhiteElo "1830"]
[BlackElo "2206"]
[PlyCount "131"]
[EventDate "2019.09.29"]
[WhiteTeam "Meritum III."]
[BlackTeam "Vásárhely"]

1. e4 e6 2. d4 d5 3. Nd2 Nf6 4. e5 Nfd7 5. f4 c5 6. c3 Nc6 7. Ngf3 a6 8. Be2
Be7 9. O-O b5 10. Rf2 Nb6 11. Nf1 g6 12. Be3 c4 13. g4 Bd7 14. Qc2 Qc7 15. Ng3
O-O-O 16. Nd2 Rdg8 17. Rg2 Qd8 18. b3 Kc7 19. bxc4 bxc4 20. Rb1 Na5 21. Nf3 Ba3
22. Bc1 Qe7 23. Bd1 Na4 24. Ng5 Rb8 25. Rxb8 Rxb8 26. Nxh7 Nb2 27. Be2 Ba4 28.
Qd2 Nd3 29. Bxd3 Bxc1 30. Qxc1 cxd3 31. Nf1 Nc4 32. Ng5 Bc2 33. Nd2 Nxd2 34.
Qxd2 Rb1+ 35. Kf2 Rd1 36. Qe3 Qa3 37. Nf3 Qxc3 38. Kg3 Qa1 39. h4 Rh1 40. Ng5
Qf1 41. Nxf7 Bd1 42. Ng5 Bxg4 43. Qd2 Kd7 44. Kxg4 Rg1 45. Rxg1 Qxg1+ 46. Kf3
Qxd4 47. Nh3 Qe4+ 48. Kg3 Qc4 49. Nf2 Qc2 50. Qxc2 dxc2 51. Nd3 Ke7 52. Kf2 Kf7
53. Ke2 Kg7 54. Kd2 Kh6 55. Nc5 Kh5 56. Nxe6 Kxh4 57. Nc7 g5 58. e6 gxf4 59. e7
f3 60. e8=Q f2 61. Qf7 Kg3 62. Qg6+ Kh2 63. Qf5 Kg1 64. Qg4+ Kh1 65. Qf3+ Kg1
66. Qg3+ 1-0

[Event "HUN Team League Csongrad Region 2019–2"]
[Site "Csongrád County"]
[Date "2019.12.08"]
[Round "4.2"]
[White "Buza, Imre"]
[Black "Farkas, Boldizsar"]
[Result "1/2-1/2"]
[WhiteElo "1968"]
[BlackElo "1665"]
[PlyCount "104"]
[EventDate "2019.09.29"]
[WhiteTeam "Vásárhely"]
[BlackTeam "Meritum III."]

1. d4 b5 2. e4 Bb7 3. Nd2 a6 4. Ngf3 e6 5. Bd3 c5 6. c3 Nf6 7. O-O Be7 8. Re1
O-O 9. b3 d6 10. Bb2 Nbd7 11. Qe2 Nb6 12. Rad1 Rc8 13. Bb1 Qc7 14. e5 Nfd5 15.
Ne4 cxd4 16. cxd4 dxe5 17. dxe5 Bb4 18. Rc1 Qe7 19. Nd6 Bxd6 20. exd6 Qxd6 21.
Qe4 f5 22. Qd4 e5 23. Nxe5 Rxc1 24. Rxc1 Qf6 25. Qd2 Qh4 26. Nf3 Qf4 27. Qxf4
Nxf4 28. Rc7 Rd8 29. Nd4 Re8 30. h3 Re1+ 31. Kh2 Bxg2 32. Rxg7+ Kf8 33. Rg5
Rxb1 34. Rxf5+ Ke8 35. Rxf4 Bxh3 36. Ba3 Nd5 37. Rf8+ Kd7 38. Rf7+ Ke8 39. Rf8+
Kd7 40. Kxh3 b4 41. Bxb4 Nxb4 42. a3 Nc6 43. Rf4 Rd1 44. Nxc6 Kxc6 45. Rc4+ Kd5
46. Rc3 Kd4 47. Re3 Rd2 48. Kg3 h5 49. Rf3 Ke4 50. Rf4+ Ke5 51. Rb4 Kf5 52.
Rf4+ Ke5 1/2-1/2

[Event "HUN Team League Csongrad Region 2019–2"]
[Site "Csongrád County"]
[Date "2019.12.08"]
[Round "4.2"]
[White "Kiss, Rebeka"]
[Black "Abraham, Zoltan"]
[Result "0-1"]
[WhiteElo "1736"]
[BlackElo "1816"]
[PlyCount "40"]
[EventDate "2019.09.29"]
[WhiteTeam "Meritum III."]
[BlackTeam "Vásárhely"]

1. e4 d5 2. exd5 Qxd5 3. Nc3 Qd8 4. d4 Bf5 5. Qf3 Qc8 6. Bb5+ c6 7. Ba4 Bg4 8.
Qg3 Nf6 9. Nge2 e6 10. a3 Qd8 11. Bg5 Bxe2 12. Nxe2 Qa5+ 13. Bd2 Qxa4 14. Qc7
Nbd7 15. Qxb7 Rb8 16. Qc7 Nd5 17. Qg3 Rxb2 18. Bc3 Nxc3 19. Nxc3 Qxd4 20. Rd1
Qe5+ 0-1

[Event "HUN Team League Csongrad Region 2019–2"]
[Site "Csongrád County"]
[Date "2019.12.08"]
[Round "4.2"]
[White "Markus, Molli Amina"]
[Black "Lauko, Denes"]
[Result "1-0"]
[WhiteElo "1643"]
[BlackElo "1427"]
[PlyCount "71"]
[EventDate "2019.09.29"]
[WhiteTeam "Vásárhely"]
[BlackTeam "Meritum III."]

1. c4 d5 2. cxd5 Nf6 3. Nc3 Nxd5 4. Nf3 Nc6 5. g3 g6 6. Bg2 Bg7 7. O-O O-O 8.
a3 Be6 9. Ng5 Nxc3 10. dxc3 Qd7 11. Bf4 Rac8 12. Qc2 h6 13. Rad1 Qe8 14. Nxe6
fxe6 15. Qb3 Rf6 16. Qxb7 e5 17. Bd5+ Kh7 18. Bc1 Rd6 19. Bxc6 Rxc6 20. Qxa7
Rd6 21. Qe3 Qa4 22. Rxd6 exd6 23. b4 c5 24. Qd2 Bf8 25. e4 cxb4 26. cxb4 Rc2
27. Qd5 Qd7 28. Be3 Rc3 29. Ra1 Rc7 30. a4 Rb7 31. b5 Qc7 32. a5 Rb8 33. b6 Qc3
34. Rc1 Qb4 35. Rc7+ Kh8 36. Qf7 1-0

[Event "HUN Team League Csongrad Region 2019–2"]
[Site "Csongrád County"]
[Date "2019.12.08"]
[Round "4.2"]
[White "Kantor, Robert"]
[Black "Torok, Csaba"]
[Result "1/2-1/2"]
[WhiteElo "1486"]
[BlackElo "1701"]
[PlyCount "84"]
[EventDate "2019.09.29"]
[WhiteTeam "Meritum III."]
[BlackTeam "Vásárhely"]

1. e4 c5 2. Nf3 Nc6 3. d4 cxd4 4. Nxd4 e6 5. Be3 Qc7 6. Nc3 a6 7. a3 b5 8. Nxc6
dxc6 9. g3 Nf6 10. Bg2 Be7 11. O-O Bb7 12. Bf4 e5 13. Be3 Rd8 14. Qe2 O-O 15.
Rad1 a5 16. Rxd8 Rxd8 17. Rd1 Nd7 18. Na2 Nf8 19. Rxd8 Qxd8 20. Qd3 Qxd3 21.
cxd3 Ne6 22. Nc1 Bc5 23. Nb3 Bxe3 24. fxe3 a4 25. Nc1 c5 26. Bh3 Bc8 27. Ne2 b4
28. Kf2 Kf8 29. Ke1 Ke7 30. Kd2 Ba6 31. Bxe6 Kxe6 32. Nc1 Kd6 33. Na2 bxa3 34.
bxa3 Bb7 35. Nc3 Bc6 36. Nb1 f6 37. Kc3 Bb5 38. Nd2 h5 39. Nc4+ Kc6 40. Na5+
Kb6 41. Nc4+ Kc6 42. Na5+ Kb6 1/2-1/2

[Event "HUN Team League Csongrad Region 2019–2"]
[Site "Csongrád County"]
[Date "2019.12.08"]
[Round "4.2"]
[White "Buzas, Andras"]
[Black "Tamas, Attila"]
[Result "1-0"]
[WhiteElo "1711"]
[BlackElo "1317"]
[PlyCount "57"]
[EventDate "2019.09.29"]
[WhiteTeam "Vásárhely"]
[BlackTeam "Meritum III."]

1. Nf3 e6 2. c4 Nf6 3. Nc3 Nc6 4. a3 g6 5. d3 Bg7 6. Bg5 h6 7. Bh4 g5 8. Bg3 d6
9. h3 Nh5 10. Bh2 Bxc3+ 11. bxc3 f5 12. e3 Qf6 13. Nd4 Bd7 14. Qxh5+ Qf7 15.
Be2 Nxd4 16. cxd4 Rh7 17. Qxf7+ Kxf7 18. Bh5+ Ke7 19. Bf3 Rb8 20. Kd2 h5 21. g4
hxg4 22. hxg4 Rh3 23. Bxd6+ cxd6 24. Rxh3 Be8 25. Rh7+ Bf7 26. gxf5 exf5 27.
Bd5 Rf8 28. Bxb7 Kf6 29. Kc3 1-0

[Event "HUN Team League Csongrad Region 2019–2"]
[Site "Csongrád County"]
[Date "2019.12.08"]
[Round "4.3"]
[White "Hajdu, Istvan"]
[Black "Farkas, Sandor"]
[Result "0-1"]
[WhiteElo "1836"]
[BlackElo "1879"]
[PlyCount "52"]
[EventDate "2019.09.29"]
[WhiteTeam "Szentes II."]
[BlackTeam "Meritum II."]

1. e4 e6 2. e5 d5 3. exd6 cxd6 4. d4 Nf6 5. Nf3 b6 6. Bd3 Be7 7. O-O O-O 8. Re1
Bb7 9. Bg5 Nbd7 10. c3 h6 11. Bf4 Nh5 12. Bd2 Re8 13. g4 Nhf6 14. g5 hxg5 15.
Nxg5 Nf8 16. Qc2 Rc8 17. Re3 e5 18. dxe5 dxe5 19. Rxe5 Rc5 20. Rxc5 Bxc5 21.
Bc4 Ne6 22. Nxe6 fxe6 23. Qd3 Qc7 24. Kf1 Qxh2 25. Be3 Qh1+ 26. Ke2 Bf3+ 0-1

[Event "HUN Team League Csongrad Region 2019–2"]
[Site "Csongrád County"]
[Date "2019.12.08"]
[Round "4.3"]
[White "Fridrik, Richard"]
[Black "Cs. Kovacs, Laszlo"]
[Result "1/2-1/2"]
[WhiteElo "1834"]
[BlackElo "1800"]
[PlyCount "33"]
[EventDate "2019.09.29"]
[WhiteTeam "Meritum II."]
[BlackTeam "Szentes II."]

1. e4 d6 2. d4 g6 3. Nc3 Bg7 4. Be3 Nf6 5. Be2 c6 6. f4 b5 7. e5 Nfd7 8. Bf3 a6
9. Nge2 O-O 10. O-O Nb6 11. b4 d5 12. h3 f5 13. exf6 exf6 14. Qd2 f5 15. Nc1
Be6 16. Nd3 N8d7 17. Ne5 1/2-1/2

[Event "HUN Team League Csongrad Region 2019–2"]
[Site "Csongrád County"]
[Date "2019.12.08"]
[Round "4.3"]
[White "Balatoni, Gyorgy"]
[Black "Fabian, Istvan"]
[Result "1/2-1/2"]
[WhiteElo "1698"]
[BlackElo "1731"]
[PlyCount "31"]
[EventDate "2019.09.29"]
[WhiteTeam "Szentes II."]
[BlackTeam "Meritum II."]

1. c4 c5 2. Nf3 g6 3. Nc3 Bg7 4. g3 b6 5. Bg2 Bb7 6. O-O e6 7. d4 cxd4 8. Nxd4
Bxg2 9. Kxg2 a6 10. e3 Nc6 11. Rb1 Nge7 12. Nce2 h5 13. h4 d5 14. Nxc6 Nxc6 15.
cxd5 Qxd5+ 16. Qxd5 1/2-1/2

[Event "HUN Team League Csongrad Region 2019–2"]
[Site "Csongrád County"]
[Date "2019.12.08"]
[Round "4.3"]
[White "Kohari, Akos Istvan"]
[Black "Kozak, Janos"]
[Result "1-0"]
[WhiteElo "1325"]
[BlackElo "1483"]
[PlyCount "97"]
[EventDate "2019.09.29"]
[WhiteTeam "Meritum II."]
[BlackTeam "Szentes II."]

1. d4 f5 2. Bf4 d6 3. Nf3 Nf6 4. e3 g6 5. Nbd2 Bg7 6. Bc4 d5 7. Bb3 O-O 8. O-O
b6 9. c4 e6 10. Ne5 Bb7 11. Ndf3 Nh5 12. Bg5 Bf6 13. Bh6 Bg7 14. Bg5 Nf6 15.
Bh4 Qe8 16. Ba4 c6 17. Rc1 dxc4 18. Bxf6 Bxf6 19. Nxc4 Ba6 20. Nfe5 Bxe5 21.
dxe5 Qe7 22. Nd6 Bxf1 23. Qxf1 b5 24. Bb3 a6 25. a4 Kg7 26. f4 Ra7 27. axb5
axb5 28. Ra1 Na6 29. Qe1 Rfa8 30. h3 Nc5 31. Rxa7 Qxa7 32. Bc2 Qa1 33. Qxa1
Rxa1+ 34. Kh2 Ra2 35. b4 Rxc2 36. bxc5 Rxc5 37. Ne8+ Kf8 38. Nf6 b4 39. Nd7+
Ke7 40. Nxc5 h6 41. g3 Kf7 42. Kg2 Ke7 43. Kf2 Kf7 44. Ke2 Ke7 45. Kd2 Kf7 46.
Kc2 Ke7 47. Kb3 Kf7 48. Kxb4 Ke7 49. Ka5 1-0

[Event "HUN Team League Csongrad Region 2019–2"]
[Site "Csongrád County"]
[Date "2019.12.08"]
[Round "4.3"]
[White "Makay, Andor Dr."]
[Black "Kohari, Bank Gyorgy"]
[Result "1/2-1/2"]
[WhiteElo "1629"]
[BlackElo "1297"]
[PlyCount "38"]
[EventDate "2019.09.29"]
[WhiteTeam "Szentes II."]
[BlackTeam "Meritum II."]

1. d4 d5 2. c4 Nf6 3. cxd5 Nxd5 4. Nc3 Nxc3 5. bxc3 e5 6. dxe5 Qxd1+ 7. Kxd1
Bc5 8. e3 O-O 9. Bc4 Be6 10. Bxe6 fxe6 11. Nf3 Nc6 12. Ke2 Rf5 13. g4 Rf7 14.
Bb2 Raf8 15. Ng5 Rxf2+ 16. Kd3 Rxb2 17. Nxe6 Nxe5+ 18. Ke4 Nd7 19. Nxf8 Kxf8
1/2-1/2

[Event "HUN Team League Csongrad Region 2019–2"]
[Site "Csongrád County"]
[Date "2019.12.08"]
[Round "4.3"]
[White "Kohari, Csongor Gaspar"]
[Black "Gachalyi, Gergo"]
[Result "0-1"]
[WhiteElo "1100"]
[BlackElo "1534"]
[PlyCount "60"]
[EventDate "2019.09.29"]
[WhiteTeam "Meritum II."]
[BlackTeam "Szentes II."]

1. d4 Nf6 2. Bf4 d5 3. e3 Bf5 4. Nf3 e6 5. Be2 Bd6 6. Bg3 O-O 7. O-O Nc6 8.
Nbd2 a6 9. c3 Rc8 10. Ng5 Re8 11. Bh4 h6 12. e4 hxg5 13. Bxg5 dxe4 14. g4 Bh7
15. f3 Be7 16. Nxe4 Nxe4 17. Bxe7 Qxe7 18. fxe4 Bxe4 19. Qd2 Rcd8 20. Rf4 Bg6
21. Bf3 e5 22. Bxc6 exf4 23. Bxe8 Rxe8 24. Qxf4 Qe3+ 25. Qxe3 Rxe3 26. Kf2 Rd3
27. Re1 Kf8 28. Re5 Rd2+ 29. Re2 Rxe2+ 30. Kxe2 Bb1 0-1

[Event "HUN Team League Csongrad Region 2019–2"]
[Site "Csongrád County"]
[Date "2019.12.08"]
[Round "4.4"]
[White "Retkes, Sandor"]
[Black "Megyaszai, Balazs"]
[Result "0-1"]
[WhiteElo "1955"]
[BlackElo "1935"]
[PlyCount "46"]
[EventDate "2019.09.29"]
[WhiteTeam "Röszke"]
[BlackTeam "Maróczy IV."]

1. d4 d5 2. Bf4 Nf6 3. Nf3 e6 4. Nbd2 Be7 5. e3 O-O 6. c3 c5 7. Bd3 Nc6 8. Ne5
Bd7 9. Qf3 cxd4 10. exd4 Ne8 11. Qh3 f5 12. g4 Nd6 13. Rg1 Ne4 14. Ndf3 Be8 15.
Ke2 Qb6 16. Rab1 Qd8 17. gxf5 exf5 18. Rg2 Bf6 19. Rbg1 Qb6 20. Bc1 Ne7 21. Qh6
Ng6 22. Qh3 Qxb2+ 23. Ke3 f4# 0-1

[Event "HUN Team League Csongrad Region 2019–2"]
[Site "Csongrád County"]
[Date "2019.12.08"]
[Round "4.4"]
[White "Tenk, Zoltan"]
[Black "Nagy Dani, Karoly"]
[Result "1/2-1/2"]
[WhiteElo "1866"]
[BlackElo "1792"]
[PlyCount "65"]
[EventDate "2019.09.29"]
[WhiteTeam "Maróczy IV."]
[BlackTeam "Röszke"]

1. d4 d5 2. Nf3 e6 3. e3 Nf6 4. c4 c6 5. Nc3 Nbd7 6. Be2 Be7 7. Qc2 dxc4 8.
Bxc4 Nb6 9. Bd3 Nbd5 10. a3 Qa5 11. O-O Nxc3 12. bxc3 O-O 13. e4 g6 14. e5 Nh5
15. Ng5 Qd8 16. Ne4 f5 17. exf6 Bxf6 18. Bh6 Ng7 19. Rfe1 Rf7 20. Nxf6+ Qxf6
21. Bxg7 Kxg7 22. Re3 Bd7 23. Rae1 Raf8 24. Rf3 Qh4 25. Rxf7+ Rxf7 26. Bc4 Rf6
27. g3 Qh3 28. Qe4 Qf5 29. Qxf5 gxf5 30. f4 Kf8 31. a4 Ke7 32. Kf2 Kd6 33. Re5
1/2-1/2

[Event "HUN Team League Csongrad Region 2019–2"]
[Site "Csongrád County"]
[Date "2019.12.08"]
[Round "4.4"]
[White "Bartos, Ferenc"]
[Black "Arato, Daniel"]
[Result "1-0"]
[WhiteElo "1695"]
[BlackElo "1705"]
[PlyCount "63"]
[EventDate "2019.09.29"]
[WhiteTeam "Röszke"]
[BlackTeam "Maróczy IV."]

1. e4 c5 2. Nc3 Nc6 3. f4 e6 4. Nf3 d5 5. exd5 exd5 6. Bb5 Nf6 7. O-O d4 8.
Re1+ Be7 9. Ne4 O-O 10. Bxc6 bxc6 11. Ne5 Qd5 12. c4 Qe6 13. d3 Ng4 14. Nxg4
Qxg4 15. Qxg4 Bxg4 16. Nf2 Bh4 17. g3 Bf3 18. gxh4 Rfe8 19. Bd2 f5 20. Rxe8+
Rxe8 21. Re1 Rf8 22. Re5 Rf6 23. Nh3 h6 24. Kf2 Bg4 25. Ng1 Bd1 26. Nf3 Bc2 27.
Ne1 Bd1 28. Rxc5 Re6 29. Re5 Rxe5 30. fxe5 Kf7 31. Bb4 Ke6 32. Bd6 1-0

[Event "HUN Team League Csongrad Region 2019–2"]
[Site "Csongrád County"]
[Date "2019.12.08"]
[Round "4.4"]
[White "Lakatos, Alfred"]
[Black "Ver, Imre"]
[Result "1/2-1/2"]
[WhiteElo "1568"]
[BlackElo "1698"]
[PlyCount "75"]
[EventDate "2019.09.29"]
[WhiteTeam "Maróczy IV."]
[BlackTeam "Röszke"]

1. Nf3 Nf6 2. c4 e6 3. d4 d5 4. Bg5 Be7 5. Nbd2 h6 6. Bf4 Nbd7 7. Ne5 c6 8. c5
Qa5 9. a3 Ne4 10. b4 Qd8 11. Nxd7 Nxd2 12. Ne5 Nxf1 13. Kxf1 O-O 14. Qd2 Bg5
15. h4 Bxf4 16. Qxf4 Qf6 17. Qe3 h5 18. g4 hxg4 19. Nxg4 Qf5 20. Rg1 Kh7 21. h5
f6 22. Qg3 Rf7 23. Re1 e5 24. e4 Qxg4 25. Qxg4 Bxg4 26. Rxg4 Re7 27. exd5 cxd5
28. dxe5 Rxe5 29. Rxe5 fxe5 30. Rg6 Rf8 31. Rd6 d4 32. Rd7 Rf3 33. Rxb7 Rxa3
34. Re7 Rb3 35. Rxe5 Rxb4 36. Re7 Rc4 37. Rxa7 Rxc5 38. Rd7 1/2-1/2

[Event "HUN Team League Csongrad Region 2019–2"]
[Site "Csongrád County"]
[Date "2019.12.08"]
[Round "4.4"]
[White "Sipos, Kalman"]
[Black "Gyemant, Karoly"]
[Result "1-0"]
[WhiteElo "1651"]
[BlackElo "1604"]
[PlyCount "125"]
[EventDate "2019.09.29"]
[WhiteTeam "Röszke"]
[BlackTeam "Maróczy IV."]

1. e4 d6 2. d4 e6 3. Nc3 c6 4. Be3 d5 5. Qd2 dxe4 6. Nxe4 Nf6 7. Nxf6+ Qxf6 8.
Bg5 Qf5 9. Nf3 h6 10. Be3 Qd5 11. c4 Qd8 12. Be2 a5 13. a3 b6 14. O-O Nd7 15.
Rfd1 Nf6 16. Qc2 Ng4 17. Bd2 g5 18. h3 Nf6 19. Ne5 Bb7 20. Bc3 h5 21. Bf3 Rc8
22. Qd2 g4 23. hxg4 hxg4 24. Nxg4 Nxg4 25. Bxg4 Qh4 26. Bh3 Rg8 27. Kf1 f5 28.
Qe3 Kf7 29. Re1 Rg6 30. Bd2 Bh6 31. Qd3 Bxd2 32. Qxd2 Ba6 33. b3 a4 34. Red1
axb3 35. Qb4 c5 36. Qa4 Ra8 37. Qxb3 cxd4 38. Rac1 Rc8 39. Kg1 Rcg8 40. Qf3 Kg7
41. Rd3 b5 42. Rcd1 e5 43. Qxf5 Re8 44. Rf3 Kh6 45. Qd7 Qe7 46. cxb5 Bb7 47.
Rf7 Qxd7 48. Bxd7 Rxg2+ 49. Kf1 Reg8 50. Ke2 Bd5 51. Rf5 Rd8 52. Bc6 Rg5 53.
Rxg5 Kxg5 54. Bxd5 Rxd5 55. Rb1 Kf4 56. b6 d3+ 57. Kd2 Rd8 58. b7 Rb8 59. Rb6
Kf3 60. Rf6+ Kg2 61. Rf7 Kf1 62. a4 Rh8 63. a5 1-0

[Event "HUN Team League Csongrad Region 2019–2"]
[Site "Csongrád County"]
[Date "2019.12.08"]
[Round "4.4"]
[White "Kis, Izabella"]
[Black "Abraham, Lajos"]
[Result "1/2-1/2"]
[WhiteElo "1488"]
[BlackElo "1629"]
[PlyCount "87"]
[EventDate "2019.09.29"]
[WhiteTeam "Maróczy IV."]
[BlackTeam "Röszke"]

1. e4 e5 2. Nf3 Nc6 3. d4 exd4 4. Nxd4 Nxd4 5. Qxd4 h6 6. Bc4 Qe7 7. O-O Qc5 8.
Be3 Qxd4 9. Bxd4 d6 10. Nc3 c6 11. Rfe1 Be6 12. Bd3 Ne7 13. Rad1 a6 14. f4 c5
15. Bf2 c4 16. Be2 b5 17. Bf3 Rb8 18. f5 Bd7 19. Bg3 Nc6 20. Bxd6 Bxd6 21. Rxd6
Ne5 22. Bh5 O-O 23. Red1 Bc6 24. Nd5 Kh7 25. Nb4 Bb7 26. Nxa6 Bxa6 27. Rxa6 Ra8
28. Rxa8 Rxa8 29. Rd5 f6 30. a3 c3 31. Rxb5 cxb2 32. Rxb2 Rxa3 33. Kf2 Ra4 34.
Bf3 h5 35. Ke2 Kh6 36. Rb3 Ra2 37. Rc3 h4 38. h3 Kg5 39. Ke3 Ra1 40. Rc7 Kh6
41. Rc3 Kg5 42. Rc7 Kh6 43. Rc3 Kg5 44. Rc7 1/2-1/2

[Event "HUN Team League Csongrad Region 2019–2"]
[Site "Csongrád County"]
[Date "2019.12.08"]
[Round "4.4"]
[White "Varga, Laszlo"]
[Black "Koszo, Ferenc"]
[Result "1-0"]
[WhiteElo "1650"]
[BlackElo "1376"]
[PlyCount "71"]
[EventDate "2019.09.29"]
[WhiteTeam "Röszke"]
[BlackTeam "Maróczy IV."]

1. e4 e6 2. d4 d5 3. e5 c5 4. c3 Qb6 5. Nf3 Nc6 6. Be2 Nh6 7. Bxh6 gxh6 8. Qd2
cxd4 9. cxd4 Bd7 10. O-O Bg7 11. Nc3 Ne7 12. a4 a6 13. a5 Qb4 14. Ne1 Nc6 15.
Nc2 Qe7 16. Na4 O-O 17. Nc5 Rab8 18. Ra3 f6 19. Rg3 fxe5 20. Nxd7 Qxd7 21. dxe5
Nxe5 22. f4 Ng6 23. Bd3 Rf6 24. Nd4 Rbf8 25. f5 e5 26. Ne6 R8f7 27. fxg6 Rxf1+
28. Bxf1 hxg6 29. Rxg6 Kh8 30. Nxg7 Rxg7 31. Qxh6+ Kg8 32. Rd6 Qc7 33. Qe6+ Kh8
34. Qxe5 Qc5+ 35. Kh1 Qc8 36. Rh6+ 1-0